• 首页
  • 本馆介绍
  • 公告通知
  • 最新文献
  • 馆藏检索
  • 电子资源
  • 读者导购
  • 参考咨询
  • 我的图书馆
  • 登录
  • 详细信息显示
  • 放入我的书架
  • 预约/预借图书
  • 作者相关作品
  • 分类相关作品
  • 丛书相关作品
  • 出版社相关作品

书目信息

  • 表格格式
  • 工作单格式
  • 卡片格式
题名:
陕甘宁边区政府史话
    
 
作者: 刘东社 , 刘全娥 著
分册:  
出版信息: 北京   社会科学文献出版社  2011.12
页数: 165页
开本: 21cm
丛书名: 中国史话
单 册:
中图分类: K269.506
科图分类:
主题词: 陕甘宁抗日根据地--史料 , 陕甘宁抗日根据地
电子资源:
ISBN: 978-7-5097-2660-0
000 01272oam2 2200313 450
001 005548835
005 20120619161111.31
010    @a978-7-5097-2660-0@dCNY15.00
100    @a20120104d2011 em y0chiy0110 ea
101 0  @achi
102    @aCN@b110000
105    @aac z 000yy
106    @ar
200 1  @a陕甘宁边区政府史话@9shan gan ning bian qu zheng fu shi hua@dA brief history of the Shanxi-Gansu-Ningxia border-area government in China@f刘东社,刘全娥著@zeng
210    @a北京@c社会科学文献出版社@d2011.12
215    @a165页@c肖像,照片@d21cm
225 2  @a中国史话@i近代政治史系列
300    @a“十二五”国家重点出版规划项目
308    @a总丛编序号:128
330    @a本书从各个方面介绍了陕甘宁边区政府是中国革命的核心所在,是抗日战争和解放战争的指导中心和总后方,是各个根据地的首席政府,是声名卓著的民主政府,是廉洁的政府。
462  0 @12001 @a近代政治史系列@1035 @a(A100000NLC)005319318
510 1  @aBrief history of the Shanxi-Gansu-Ningxia border-area government in China@zeng
606 0  @a陕甘宁抗日根据地@j史料
606 0  @a陕甘宁抗日根据地
690    @aK269.506@v5
701  0 @a刘东社@9liu dong she@f(1964~)@4著
701  0 @a刘全娥@9liu quan e@c(女,@f1966~)@4著
801  0 @aCN@bNLC@c20120301
905    @b539964-68@dK269.506@e48@f5
    
    陕甘宁边区政府史话=A brief history of the Shanxi-Gansu-Ningxia border-area government in China/刘东社,刘全娥著.-北京:社会科学文献出版社,2011.12
    165页:肖像,照片;21cm.-(中国史话.近代政治史系列)
    “十二五”国家重点出版规划项目
    
    ISBN 978-7-5097-2660-0:CNY15.00
    本书从各个方面介绍了陕甘宁边区政府是中国革命的核心所在,是抗日战争和解放战争的指导中心和总后方,是各个根据地的首席政府,是声名卓著的民主政府,是廉洁的政府。
●
相关链接 在E读中查询图书 在五车中查询图书 在当当中查询图书 在豆瓣中查询图书


正题名:陕甘宁边区政府史话     索取号:K269.506/48         预约/预借

序号 登录号 条形码 馆藏地/架位号 状态 备注
1 539964   205399647   第二样本阅览室/ [索取号:K269.506/48] 在馆    
2 539965   205399656   第二借阅区/ [索取号:K269.506/48] 在馆    
3 539966   205399665   密集书库-史法系/ [索取号:K269.506/48] 在馆    
4 539967   205399674   第二借阅区/ [索取号:K269.506/48] 在馆    
5 539968   205399683   第二借阅区/ [索取号:K269.506/48] 在馆    
唐山师范学院图书馆 欢迎您!
大连网信软件有限公司© 版权所有